|
|
|
|
| LEADER |
00824 a2200205 4500 |
| 020 |
|
|
|a 9780199450534
|
| 082 |
|
|
|a 920 GAN:170
|b Q1
|
| 100 |
|
|
|a Nadkarni, M V.
|9 36783
|
| 245 |
|
|
|a Ethics for our times:
|b essays in Gandhian perspective/
|c M V Nadkarni.
|
| 250 |
|
|
|a 2nd ed.
|
| 260 |
|
|
|a Oxford:
|b Oxford University Press,
|c 2011.
|
| 300 |
|
|
|a xx, 331 p.
|
| 504 |
|
|
|a Includes bibliographical references and index.
|
| 650 |
|
|
|a Gandhi, Mahatma-Ethics.
|9 36784
|
| 650 |
|
|
|a Economic development-Moral and ethical aspects.
|9 36785
|
| 650 |
|
|
|a Applied ethics.
|9 36786
|
| 650 |
|
|
|a Hindu ethics.
|9 36787
|
| 942 |
|
|
|c BK
|
| 999 |
|
|
|c 80319
|d 80319
|
| 952 |
|
|
|0 0
|1 0
|4 0
|6 920_000000000000000_GAN170_Q1
|7 0
|9 72341
|a MGUL
|b MGUL
|c GEN
|d 2016-01-05
|e Current books Kottyam Bill No 000645 dated 30/12/2016
|g 575.00
|l 0
|o 920 GAN:170 Q1
|p 53587
|r 2016-02-25
|y BK
|